[Event "G7:1"]
[Site "DM2013"]
[Round "6"]
[White "Michael Nielsen"]
[Black "Rauf Murtuzov"]
[Result "1-0"]
[Date "31.03.2013"]
[WhiteElo "2101"]
[BlackElo "1923"]
[Input "DGT5654"]
[Board "game_9"]

1.d4 Nf6 2.Bg5 e6 3.e3 h6 4.Bh4 Be7 5.Bd3 O-O 6.Nf3 d6 7.Nbd2 Nbd7 8.c3 b6
9.Qe2 a6 10.O-O Bb7 11.Rfe1 c5 12.Rac1 Qc7 13.e4 Rfe8 14.Bc2 e5 15.dxe5 
dxe5 16.Nc4 Nh5 17.Bg3 Nf4 18.Qe3 Bg5 19.Nxg5 hxg5 20.Rcd1 Re6 21.Qd2 Rd8 
22.Ne3 Ree8 23.Qd6 Qxd6 24.Rxd6 Re6 25.Rxe6 Nxe6 26.Rd1 Kf8 27.Nc4 f6 28.
f3 g6 29.Bb3 Ke7 30.Bf2 Bc8 31.a4 Rh8 32.Ne3 Bb7 33.Bd5 Rb8 34.b4 Nc7 35.
Bb3 Rd8 36.Nc4 Na8 37.Nd6 Bc6 38.b5 axb5 39.axb5 Nb8 40.bxc6 Rxd6 41.Ra1 
Nc7 42.Ra7 Na6 43.Bd5 Kd8 44.c4 b5 45.cxb5 Nxd5 46.Ra8+ Kc7 47.Rxa6 Nf4 
48.b6+ Kd8 49.c7+ Kd7 50.c8=Q+ Kxc8 51.b7+ Kxb7 52.Rxd6 c4 53.Be1 f5 54.g3
Nd3 55.Bc3 g4 56.exf5 gxf3 57.Rxd3 cxd3 58.fxg6 e4 59.Kf2 1-0

[Event "DM2013"]
[Site "DM2013"]
[Date "31.12.29"]
[Round "6"]
[White "Erling Møller Nielsen"]
[Black "Johnny Holler Johansen"]
[Result "1-0"]
[WhiteElo "2021"]
[BlackElo "2017"]
[PlyCount "109"]
[EventDate "31.??.??"]

1. d4 d5 2. c4 dxc4 3. e3 e6 4. Bxc4 Nf6 5. Nf3 c5 6. O-O a6 7. Qe2 b5 8. Bb3
Bb7 9. Rd1 Nbd7 10. Nc3 c4 11. Bc2 Be7 12. e4 O-O 13. e5 Nd5 14. Qe4 g6 15. Qg4
Nxc3 16. bxc3 Nb6 17. Bh6 Re8 18. Ng5 Bd5 19. h4 Bf8 20. Bxf8 Rxf8 21. h5 Qe7
22. Re1 Nd7 23. Nxh7 Kxh7 24. hxg6+ fxg6 25. Qxg6+ Kh8 26. Re3 Bf3 27. Qh6+ Kg8
28. Rxf3 Rxf3 29. gxf3 Qg7+ 30. Qxg7+ Kxg7 31. a4 Rb8 32. axb5 Rxb5 33. Rxa6
Nb6 34. Ra7+ Kf8 35. Rb7 Rb2 36. Bg6 Rb3 37. Rf7+ Kg8 38. Rf6 Rxc3 39. Rxe6
Rc1+ 40. Kg2 Nd5 41. Re8+ Kg7 42. Be4 Nf4+ 43. Kg3 Ne2+ 44. Kg4 Rg1+ 45. Kf5
Nxd4+ 46. Kf4 c3 47. Rc8 Rf1 48. Ke3 Nb5 49. Rc5 Re1+ 50. Kf4 Nd4 51. Rc7+ Kf8
52. Rc4 Ne2+ 53. Kg5 Rf1 54. Kf6 Rxf2 55. Rc8# 1-0

[Event "G7:1"]
[Site "DM2013"]
[Round "7"]
[White "Rauf Murtuzov"]
[Black "Ib Hother Andersen"]
[Result "1/2-1/2"]
[Date "31.03.2013"]
[WhiteElo "1923"]
[BlackElo "2153"]
[Input "DGT4208"]
[Board "game_3"]

1.e4 e5 2.Nf3 Nc6 3.d4 exd4 4.c3 d5 5.exd5 Qxd5 6.cxd4 Bg4 7.Nc3 Bb4 8.Be2
Bxf3 9.Bxf3 Qc4 10.Bxc6+ bxc6 11.Qe2+ Qxe2+ 12.Kxe2 O-O-O 13.Kd3 c5 14.Ne2
cxd4 15.Bf4 Ne7 16.Rac1 Bd6 17.Rc4 Nd5 18.Bxd6 Rxd6 19.Rxd4 Rhd8 20.g3 Kb7
21.Kc2 c5 22.Re4 Nb4+ 23.Kb3 Rd2 24.Re7+ Kb6 25.Nc3 Rxf2 26.Na4+ Kc6 27.
Rxa7 Rd3+ 28.Nc3 Rdd2 29.Rb1 Rf3 30.a3 Nd5 31.Rc1 Rxh2 32.Rd1 Rxg3 33.Rxf7
Rhh3 34.Rxd5 Rxc3+ 35.bxc3 Kxd5 36.Rxg7 Rh4 1/2-1/2

[Event "G7:1"]
[Site "DM2013"]
[Round "7"]
[White "Thomas Tange Jepsen"]
[Black "Christian Grubert"]
[Result "1/2-1/2"]
[Date "31.03.2013"]
[WhiteElo "2075"]
[BlackElo "2143"]
[Input "DGT1186"]
[Board "game_4"]

1.d4 f5 2.c4 Nf6 3.Nc3 e6 4.Nf3 Be7 5.Bf4 O-O 6.e3 Ne4 7.h4 Nxc3 8.bxc3 b6
9.Be2 Bf6 10.Qb3 Nc6 11.Bg5 d6 12.Rd1 Na5 13.Qb4 Qe7 14.Bxf6 Rxf6 15.c5 
dxc5 16.dxc5 Nc6 17.Qc4 Qxc5 18.O-O Qxc4 19.Bxc4 Na5 20.Be2 Bb7 21.Rd7 Rf7
22.Rfd1 Bc6 23.R7d4 Raf8 24.Ne5 Re7 25.f4 g6 26.Kf2 Be4 27.Nd7 c5 28.Rd6 
Rff7 29.Ne5 Rf8 30.Nd7 Rff7 1/2-1/2

[Event "G7:1"]
[Site "DM2013"]
[Round "7"]
[White "Michael Vesterli"]
[Black "Jacob Brorsen"]
[Result "1-0"]
[Date "31.03.2013"]
[WhiteElo "2018"]
[BlackElo "2138"]
[Input "DGT1185"]
[Board "game_5"]

1.d4 g6 2.c4 Bg7 3.e4 d6 4.Nc3 e5 5.Nf3 Nc6 6.Be3 Bg4 7.d5 Nd4 8.Be2 Bxf3 
9.Bxf3 c5 10.Qd2 Ne7 11.Bd1 O-O 12.O-O a6 13.Rb1 f5 14.f3 f4 15.Bf2 g5 16.
b4 b6 17.Be1 Nc8 18.Na4 Rf6 19.Qd3 Bf8 20.Rf2 Ra7 21.Rfb2 Rg7 22.bxc5 dxc5
23.Qa3 Rgg6 24.Rf2 h5 25.h3 Qd7 26.Nb2 b5 27.Nd3 b4 28.Qa5 Qe7 29.a3 g4 
30.axb4 gxh3 31.Rbb2 Rf7 32.bxc5 Rfg7 33.Qa2 h4 34.Kh2 Qg5 35.Rfd2 Qh5 36.
c6 hxg2 37.Rxg2 Nxf3+ 38.Bxf3 Qxf3 39.Nxe5 Rxg2+ 40.Rxg2 Qxe4 41.Qe2 Qf5 
42.Bxh4 Nd6 43.Nf3 a5 44.Nd4 f3 45.Rxg7+ Bxg7 46.Nxf5 fxe2 47.Nxg7 Kxg7 
48.c5 a4 49.cxd6 a3 50.d7 a2 51.d8=Q a1=Q 52.Qe7+ 1-0

[Event "G7:1"]
[Site "DM2013"]
[Round "7"]
[White "Michael Nielsen"]
[Black "Kurt Klifoth"]
[Result "0-1"]
[Date "31.03.2013"]
[WhiteElo "2101"]
[BlackElo "2129"]
[Input "DGT1179"]
[Board "game_6"]

1.d4 Nf6 2.Bg5 g6 3.Bxf6 exf6 4.e3 d5 5.c4 c6 6.Nc3 Be6 7.cxd5 Bxd5 8.Nf3 
f5 9.Bd3 Bg7 10.O-O Be6 11.b4 O-O 12.Na4 Nd7 13.Qc2 Bd5 14.a3 Bxf3 15.gxf3
f4 16.Kh1 Qh4 17.Rae1 Rad8 18.Rg1 Qh3 19.Qd1 Rfe8 20.Nc3 Nb6 21.Rg4 f5 22.
Rg5 Kh8 23.Bf1 Qh4 24.Rg2 Qh6 25.Qd2 Bf6 26.Nd1 Re7 27.Nc3 Qg7 28.Qc1 Qf7 
29.Ne2 fxe3 30.fxe3 Nd5 31.Nc3 Nxc3 32.Qxc3 f4 33.Bc4 Qg7 34.Rge2 Qh6 35.
Qc1 Qh3 36.Rf1 Rde8 37.e4 Bxd4 38.Rg2 Be5 39.Rff2 Rd8 40.Bf1 Qh5 41.Rd2 
Bd4 42.Qd1 Red7 43.Bc4 Qe5 44.Rd3 b6 45.Rgd2 c5 46.Bd5 Re7 47.bxc5 bxc5 
48.Rb3 Kg7 49.Bc4 Rb8 50.Qc2 Reb7 51.Rdd3 Qg5 52.Qg2 Qh4 53.Qe2 Qe7 54.Qc2
h5 55.Bd5 Rb6 56.a4 Rd8 57.a5 Rbd6 58.Bc4 Kh6 59.a6 g5 60.Rb7 R8d7 61.Rdb3
g4 62.Rxd7 Rxd7 63.Qg2 Be3 64.Bd5 c4 65.Rb7 Qa3 66.Qf1 Rd6 67.Qb1 gxf3 68.
Rb8 Qc1+ 69.Qxc1 Bxc1 70.Rc8 Rxa6 71.Rxc4 Ra1 72.h4 Be3+ 73.Kh2 f2 74.Rc6+
Kg7 75.Rc7+ Kf6 76.e5+ Kxe5 77.Bg2 f1=Q 78.Bxf1 Rxf1 79.Kh3 Ra1 80.Rh7 Ke4
81.Rf7 Kf3 82.Rxf4+ Kxf4 0-1

[Event "G7:1"]
[Site "DM2013"]
[Round "7"]
[White "Leif Jensen"]
[Black "Klaus Nielsen"]
[Result "1/2-1/2"]
[Date "31.03.2013"]
[WhiteElo "2013"]
[BlackElo "2090"]
[Input "DGT1182"]
[Board "game_7"]

1.e4 c5 2.g3 g6 3.Bg2 Bg7 4.d3 Nc6 5.f4 d6 6.c3 h5 7.Nf3 Bg4 8.h3 Bd7 9.
O-O Qc8 10.Kh2 Nh6 11.Qe2 Qc7 12.Be3 e5 13.Nbd2 Ne7 14.Qf2 exf4 15.Bxf4 f6
16.Nc4 Nf7 17.Kg1 b5 18.Ncd2 Rd8 19.d4 g5 20.Be3 g4 21.hxg4 hxg4 22.Nh4 
Be6 1/2-1/2

[Event "G7:1"]
[Site "DM2013"]
[Round "7"]
[White "Carsten Juul Nielsen"]
[Black "Rune Andersen"]
[Result "1/2-1/2"]
[Date "31.03.2013"]
[WhiteElo "2085"]
[BlackElo "2133"]
[Input "DGT1181"]
[Board "game_8"]

1.d4 d5 2.c4 c6 3.Nc3 Nf6 4.e3 e6 5.Bd3 Nbd7 6.Nf3 dxc4 7.Bxc4 b5 8.Bd3 a6
9.O-O Bb7 10.b3 c5 11.Bb2 cxd4 12.Nxd4 Bd6 13.Be2 h5 14.Bf3 Bxh2+ 15.Kxh2 
Ng4+ 16.Kh3 Qc7 17.g3 h4 18.Kg2 Nxe3+ 19.fxe3 Qxg3+ 20.Kh1 Qh3+ 21.Kg1 
Qg3+ 1/2-1/2

[Event "G7:1"]
[Site "DM2013"]
[Round "7"]
[White "Rune Egede Andersen"]
[Black "Erling Møller Nielsen"]
[Result "1-0"]
[Date "31.03.2013"]
[WhiteElo "2056"]
[BlackElo "2021"]
[Input "DGT5654"]
[Board "game_9"]

1.e4 e6 2.d4 d5 3.e5 c5 4.c3 Qb6 5.Nf3 Bd7 6.Be2 Bb5 7.O-O Nd7 8.c4 Bxc4 
9.Bxc4 dxc4 10.d5 exd5 11.Qxd5 Qc6 12.Qxc4 b5 13.Qe2 Ne7 14.Nc3 a6 15.Ne4 
Ng6 16.e6 fxe6 17.Neg5 e5 18.Nxe5 Ndxe5 19.f4 Be7 20.fxe5 Qd5 21.a4 b4 22.
Kh1 Nxe5 23.Rf5 O-O-O 24.Bf4 Qd3 25.Qxe5 Bd6 26.Qe6+ Kb8 27.Bxd6+ Rxd6 28.
Qe5 Ka8 29.Nf7 1-0

[Event "G7:1"]
[Site "DM2013"]
[Round "7"]
[White "Johnny Holler Johansen"]
[Black "Morten Frank Jensen"]
[Result "0-1"]
[Date "31.03.2013"]
[WhiteElo "2017"]
[BlackElo "2005"]
[Input "DGT5655"]
[Board "game_10"]

1.e4 b6 2.d4 Bb7 3.Nc3 e6 4.a3 Nf6 5.Nf3 Nxe4 6.Nxe4 Bxe4 7.Bd3 Bxd3 8.
Qxd3 d5 9.O-O Be7 10.Ne5 O-O 11.f4 f6 12.Nf3 Bd6 13.Bd2 Nd7 14.Rae1 Re8 
15.Re2 Re7 16.Rfe1 Nf8 17.b4 c5 18.c3 Qc7 19.f5 c4 20.Qc2 Rae8 21.fxe6 g6 
22.Rf1 Rxe6 23.Rxe6 Rxe6 24.Be1 Qe7 25.Bh4 Nd7 26.Qa4 Bb8 27.Qb5 Qd6 28.
Bg3 Qc6 29.Qxc6 Rxc6 30.Bxb8 Nxb8 31.g4 Nd7 32.g5 Re6 33.gxf6 Rxf6 34.Kg2 
Rf5 35.Re1 Kf7 36.Kg3 h6 37.Re3 Nf6 38.Ne5+ Kg7 39.Nc6 Ne4+ 40.Kh3 Rg5 41.
Rf3 Rg1 42.Rf4 g5 43.Rf5 Kg6 44.Ne7+ Kh5 45.Nxd5 Nf2+ 46.Rxf2 g4# 0-1